000 00403nam a2200169Ia 4500
999 _c31781
_d31781
003 OSt
005 20250603141357.0
008 250310s9999||||xx |||||||||||||| ||und||
020 _a0-09-941642-5
040 _c.
082 _a823
_bS8771
100 _94758
_aStone, Irving
245 0 _aLust for life /
_cIrving Stone
260 _aLondon :
_bArrow books,
_c2001.
300 _a430 p.
942 _cBK
_2ddc